Сравнительная характеристика вод озер Хакасии и курорта Карачи; Проблемы геологии и освоения недр

Bibliographic Details
Parent link:Проблемы геологии и освоения недр.— 2002.— С. 177-178.
Main Author: Даниленко Н. Б.
Other Authors: Денисенко А. В. (научный руководитель), Степанян Е. В., Юрмазова Т. А.
Language:Russian
Published: 2002
Subjects:
Format: Book Chapter
KOHA link:https://koha.lib.tpu.ru/cgi-bin/koha/opac-detail.pl?biblionumber=54727

MARC

LEADER 00000naa2a2200000 4500
001 54727
005 20231031050756.0
035 |a (RuTPU)RU\TPU\book\57389 
035 |a RU\TPU\book\57381 
090 |a 54727 
100 |a 20030827d2002 k y0rusy50 ca 
101 0 |a rus 
102 |a RU 
200 1 |a Сравнительная характеристика вод озер Хакасии и курорта Карачи  |f Н. Б. Даниленко, А. В. Денисенко, Е. В. Степанян 
463 1 |0 (RuTPU)RU\TPU\book\52464  |y 5-89503-150-1  |t Проблемы геологии и освоения недр  |o Труды Шестого Международного научного симпозиума им. академика М. А. Усова студентов, аспирантов и молодых ученых, посвященного 100-летию со дня рождения заслуженного деятеля науки РСФСР Л. Л. Халфина и 30-летию проведения молодежных научных конференций им. академика М. А. Усова, Томск, 1-5 апреля 2002 г.  |f Российское геологическое общество;Томский политехнический университет  |v С. 177-178.  |d 2002  |p 600 с. 
610 1 |a труды учёных ТПУ 
675 |a 55(063)  |v 3 
700 1 |a Даниленко  |b Н. Б. 
701 1 |a Денисенко  |b А. В. 
701 1 |a Степанян  |b Е. В. 
702 1 |a Юрмазова  |b Т. А.  |c доцент  |4 727 
801 1 |a RU  |b 63413507  |c 20030826  |g PSBO 
801 2 |a RU  |b 63413507  |c 20030827  |g PSBO 
942 |c BK